THE BUILDING OF OUR NATION /

Na minha lista:
Detalhes bibliográficos
Autor principal: Barker, Eugene C. (autor)
Outros Autores: Webb, Walter P. (autor) (autor), Commager, Henry Steele (autor) (autor)
Formato: Livro
Assuntos:
Tags: Adicionar Tag
Sem tags, seja o primeiro a adicionar uma tag!

MARC

LEADER 00000nam^a2200000^a^4500
001 000244215
005 20250521000000.0
009 20260310105409.45
035 |a 067013 
037 |a Acervo Xavier Clavigero 
082 |a 973.  |b BAR 
100 |a Barker, Eugene C.  |e (autor) 
245 1 4 |a THE BUILDING OF OUR NATION /  |c EUGENE C. BARKER, HENRY STEELE COMMAGER, WALTER P. WEBB 
264 |a ILLINOIS :  |b ROW, PETERSON AND COMPANY,  |c 1937 
300 |a 796 p., LXVIII :  |b il., maps. 
336 |a texto  |b txt  |2 rdacontenido 
337 |a sin mediación  |b n  |2 rdamedio 
338 |a volumen  |b nc  |2 rdasoporte 
649 |a XX 
650 |a EUA -  |x Historia 
700 |a Webb, Walter P.  |e (autor) 
700 |a Commager, Henry Steele  |e (autor) 
910 |a Fondo General 
920 |a Impresos - Libros 
930 |a Colección General 
905 |a 101 
901 |a 067013  |b IT1  |c ACC  |i 067013  |u 20250521 
902 |a https://opac.biblio.iteso.mx/vufind/Record/000244215